Children's rights and international development: lessons and challenges from the field
| Contributors: | ; ; |
|---|---|
| Format: | Print Book |
| Language: | English |
| Published: |
New York
Palgrave Macmillan
2011
|
| In: | Year: 2011 |
| Edition: | Softcover reprint of the hardcover 1st edition |
| Online Access: |
Table of Contents Blurb (Publisher) |
| Availability in Tübingen: | Present in Tübingen. UB: KB 20 A 8350 |
| Check availability: | HBZ Gateway |
| Subito Delivery Service: | Order now. |
| Keywords: |
MARC
| LEADER | 00000cam a2200000 c 4500 | ||
|---|---|---|---|
| 001 | 1621094502 | ||
| 003 | DE-627 | ||
| 005 | 20240510190601.0 | ||
| 007 | tu | ||
| 008 | 161014s2011 xx ||||| 00| ||eng c | ||
| 020 | |a 1349374210 |9 1-349-37421-0 | ||
| 020 | |a 9781349374212 |9 978-1-349-37421-2 | ||
| 035 | |a (DE-627)1621094502 | ||
| 035 | |a (DE-576)478165188 | ||
| 035 | |a (DE-599)BSZ478165188 | ||
| 035 | |a (OCoLC)962100665 | ||
| 040 | |a DE-627 |b ger |c DE-627 |e rda | ||
| 041 | |a eng | ||
| 084 | |a 2,1 |2 ssgn | ||
| 245 | 0 | 0 | |a Children's rights and international development |b lessons and challenges from the field |c edited by Myriam Denov, Richard Maclure and Kathryn Campbell |
| 250 | |a Softcover reprint of the hardcover 1st edition | ||
| 264 | 1 | |a New York |b Palgrave Macmillan |c 2011 | |
| 300 | |a vi, 308 Seiten | ||
| 336 | |a Text |b txt |2 rdacontent | ||
| 337 | |a ohne Hilfsmittel zu benutzen |b n |2 rdamedia | ||
| 338 | |a Band |b nc |2 rdacarrier | ||
| 583 | 1 | |a Archivierung/Langzeitarchivierung gewährleistet |f SSG |x XA-DE-BW |2 pdager |5 DE-21 | |
| 655 | 7 | |a Aufsatzsammlung |0 (DE-588)4143413-4 |0 (DE-627)105605727 |0 (DE-576)209726091 |2 gnd-content | |
| 689 | 0 | 0 | |d g |0 (DE-588)4014954-7 |0 (DE-627)104493925 |0 (DE-576)208909974 |a Entwicklungsländer |2 gnd |
| 689 | 0 | 1 | |d s |0 (DE-588)4030550-8 |0 (DE-627)104360100 |0 (DE-576)208988165 |a Kind |2 gnd |
| 689 | 0 | 2 | |d s |0 (DE-588)4074725-6 |0 (DE-627)106088556 |0 (DE-576)209195088 |a Menschenrecht |2 gnd |
| 689 | 0 | 3 | |d s |0 (DE-588)4132262-9 |0 (DE-627)105689041 |0 (DE-576)209634073 |a Kinderschutz |2 gnd |
| 689 | 0 | |5 (DE-627) | |
| 700 | 1 | |a Denov, Myriam S. |d 1970- |e HerausgeberIn |0 (DE-588)1043539980 |0 (DE-627)77065357X |0 (DE-576)187129592 |4 edt | |
| 700 | 1 | |a MacLure, Richard |e HerausgeberIn |0 (DE-588)171418050 |0 (DE-627)061617148 |0 (DE-576)18885276X |4 edt | |
| 700 | 1 | |a Campbell, Kathryn M. |d 1960- |e HerausgeberIn |0 (DE-588)1057807818 |0 (DE-627)795246595 |0 (DE-576)184093848 |4 edt | |
| 776 | 1 | |o 10.1057/9780230119253 | |
| 776 | 1 | |z 9780230119253 | |
| 856 | 4 | 2 | |u https://swbplus.bsz-bw.de/bsz478165188inh.htm |m B:DE-576;DE-21 |q application/pdf |v 20161201140707 |x Verlag |3 Inhaltsverzeichnis |7 1 |
| 856 | 4 | 2 | |u https://swbplus.bsz-bw.de/bsz478165188kla.htm |m B:DE-576;DE-21 |q application/pdf |v 20161201140708 |x Verlag |3 Klappentext |7 1 |
| 951 | |a BO | ||
| ELC | |b 1 | ||
| LOK | |0 000 xxxxxcx a22 zn 4500 | ||
| LOK | |0 001 3238335189 | ||
| LOK | |0 003 DE-627 | ||
| LOK | |0 004 1621094502 | ||
| LOK | |0 005 20161110120634 | ||
| LOK | |0 008 161014||||||||||||||||ger||||||| | ||
| LOK | |0 040 |a DE-21 |c DE-627 |d DE-21 | ||
| LOK | |0 852 |a DE-21 | ||
| LOK | |0 852 1 |c KB 20 A 8350 |9 00 | ||
| LOK | |0 935 |a krim | ||
| LOK | |0 938 |a 1611 |f 34 | ||
| LOK | |0 939 |a 14-10-16 |b l01 | ||
| ORI | |a SA-MARC-krimdoka001.raw | ||
| SIG | |a UB: KB 20 A 8350 | ||
